2022 world cup team jerseys - Statistics

General Stats
  • This quiz has been taken 180 times
    136 since last reset
  • The average score is 22 of 32
Answer Stats
Picture Answer % Correct
France
100%
Morocco
86%
Qatar
86%
Brazil
84%
United States
83%
Australia
82%
Canada
82%
Japan
82%
Switzerland
80%
Argentina
78%
Belgium
78%
Croatia
78%
Spain
78%
England
77%
Netherlands
77%
Portugal
77%
Germany
75%
Uruguay
73%
Poland
70%
Iran
67%
Ghana
65%
Sénégal
64%
Mexico
62%
Wales
61%
Saudi Arabia
60%
Tunisia
56%
Costa Rica
55%
Cameroon
52%
Ecuador
48%
Serbia
48%
Denmark
47%
South Korea
43%
No matching quizzes found
Score Distribution
Percent of People with Each Score
Percentile by Number Answered
Your Score History
You have not taken this quiz since the last reset